| 000 | 00898nam a22002297a 4500 | ||
|---|---|---|---|
| 999 |
_c61696 _d61696 |
||
| 005 | 20240418105327.0 | ||
| 008 | 240418s2006 enk||||| |||| 00| 0 eng d | ||
| 020 | _a 9780521682947x | ||
| 041 | _aeng | ||
| 080 | _a616.075 A-27 | ||
| 100 |
_aAhuja, A. T. _921848 |
||
| 245 |
_aCase Studies in Medical Imaging: _bRadiology for Students and Trainees / _c Edited A. T. Ahuja, G. E. Antonio, K. T. Wong, H. Y. Yuen. |
||
| 264 |
_aCambridge : _bCambridge University Press, _c2006. |
||
| 300 |
_a488 p.: _bill.; _c23 cm. |
||
| 653 | _aრადიოლოგია | ||
| 653 | _aმედიცინა | ||
| 700 |
_aAhuja, A. T. _eრედაქტორი _921849 |
||
| 700 |
_aAntonio, G. E. _eრედაქტორი _921850 |
||
| 700 |
_aWong, K. T. _eრედაქტორი _921851 |
||
| 700 |
_aYuen, H. Y. _eრედაქტორი _921852 |
||
| 942 |
_2udc _cᲬᲘᲒᲜᲘ |
||